000 00505nam a2200193Ia 4500
005 20250326141606.0
008 250326s9999 xx 000 0 und d
020 _a81-7041-548-1
037 _aTextbook
040 _aFMSL
_beng
_cFMSL
041 _aeng
_2eng
084 _aX:8 N1
_qFMSL
100 _aSaraf V K
_9743501
245 0 _aTrends in management
_cSaraf V K
260 _aNew Delhi
_bNew Delhi, Anmol
_c1991
300 _a318p
942 _cTB
_hX:8 N1
999 _c1291050
_d1291050